|
|
|
|
| LEADER |
01641nam a22003017a 4500 |
| 001 |
AAL4183 |
| 003 |
BD-DhAAL |
| 005 |
20211024144249.0 |
| 008 |
160627s 1998bg a|||| |||| 00| 0 ben d |
| 999 |
|
|
|c 37629
|d 37629
|
| 020 |
|
|
|a 9840743210
|
| 020 |
|
|
|a 9840743325
|
| 040 |
|
|
|a BD-DhAAL
|c BD-DhAAL
|
| 082 |
|
|
|a 503
|
| 245 |
|
|
|a বাংলা একাডেমী বিজ্ঞান বিশ্বকোষ,
|n দ্বিতীয় খন্ড /
|c সম্পাদনা পরিষদ এ.কে.এম নূরুল ইসলাম
|
| 260 |
|
|
|a ঢাকা :
|b বাংলা একাডেমী,
|c ২০০৩
|
| 300 |
|
|
|a ৬১১ পৃষ্ঠা :
|b চিত্র ;
|c ২৪ সে.মি.
|
| 362 |
|
|
|a দ্বিতীয় খন্ড
|
| 500 |
|
|
|a নির্ঘণ্ট অন্তর্ভুক্ত।
|
| 526 |
|
|
|a BIED
|
| 541 |
|
|
|a Complimentary copy from BIED
|e 4183, 35418
|
| 650 |
|
|
|a Sciences
|v Encyclopedias.
|9 19740
|
| 700 |
|
|
|a ইসলাম, এ.কে.এম নূরুল
|9 19741
|
| 852 |
|
|
|a Savar Campus Library
|c General Stacks
|
| 942 |
|
|
|2 ddc
|c BK
|
| 952 |
|
|
|0 0
|1 0
|2 ddc
|4 0
|6 503_000000000000000_BAN
|7 0
|9 59185
|a SCL
|b SCL
|c GEN
|d 2016-06-27
|g 300.00
|l 0
|o 503 BAN
|p 3020004183
|r 2016-06-27
|t 1
|w 2016-06-27
|y BK
|
| 952 |
|
|
|0 0
|1 0
|2 ddc
|4 0
|6 503_000000000000000_BAN
|7 0
|9 59186
|a SCL
|b SCL
|c GEN
|d 2016-06-27
|g 300.00
|l 0
|o 503 BAN
|p 3020004343
|r 2016-06-27
|t 2
|w 2016-06-27
|y BK
|
| 952 |
|
|
|0 0
|1 0
|2 ddc
|4 0
|6 503_000000000000000_BAN
|7 0
|9 69409
|a BRACUL
|b BRACUL
|c GEN
|d 2021-10-24
|e Complimentary copy from BIED
|l 0
|o 503 BAN
|p 3010035418
|r 2021-10-24
|t 3
|w 2021-10-24
|y BK
|x Transferred from BIED to General Stacks
|